000 00335cam a2200145ua 4500
041 _aeng
_h
082 _a330.1
_bLOS/EC
100 _alosch, August .
245 _aEconomic of location
260 _aLondon :
_bNew haven, Yole University press ,
_c1964.
300 _a520 ; .
504 _a
942 _cBK
999 _c11178
_d11178